[Event "AUT Bundesliga Women 2021-22"]
[Site "Austria"]
[Date "2022.03.25"]
[Round "5.13"]
[White "Schnegg, Anna-Lena"]
[Black "Ragger, Anna-Christina"]
[Result "1/2-1/2"]
[WhiteElo "2177"]
[BlackElo "2156"]
[Annotator "NA"]
[PlyCount "71"]
[EventDate "2021.11.06"]
[EventType "team-tourn"]
[EventCountry "AUT"]
[SourceTitle "playchess.com"]
[Source "ChessBase"]
[SourceQuality "1"]
[TimeControl "40/5400+30:1800+30"]

1. c4 {[%emt 0:00:05]} e5 {[%emt 0:00:07]} 2. Nc3 {[%emt 0:00:31]} Nc6 {[%emt 0:00:06]} 3. g3 {[%emt 0:00:06]} Bc5 {[%emt 0:00:15]} 4. Bg2 {[%emt 0:00:25]} a6 {[%emt 0:00:47]} 5. e3 {[%emt 0:00:59]} d6 {[%emt 0:00:35]} 6. Nf3 {[%emt 0:01:25]} Ba7 {[%emt 0:01:35]} 7. O-O {[%emt 0:03:42]} Nge7 {[%emt 0:00:26]} 8. b3 {[%emt 0:05:33]} O-O {[%emt 0:00:23]} 9. Bb2 {[%emt 0:12:24]} Bf5 {[%emt 0:01:13]} 10. d4 {[%emt 0:04:00]} f6 {[%emt 0:09:48]} 11. dxe5 {[%emt 0:08:50]} dxe5 {[%emt 0:06:57]} 12. Qxd8 {[%emt 0:08:08]} Rfxd8 {[%emt 0:00:26]} 13. Nh4 {[%emt 0:05:03]} Be6 {[%emt 0:14:55]} 14. Rad1 {[%emt 0:02:56]} Rxd1 {[%emt 0:05:55]} 15. Rxd1 {[%emt 0:00:10]} Rd8 {[%emt 0:00:11]} 16. Rxd8+ {[%emt 0:02:14]} Nxd8 {[%emt 0:00:05]} 17. Ba3 {[%emt 0:03:12]} Kf7 {[%emt 0:01:41]} 18. Nd5 {[%emt 0:13:04]} Nxd5 {[%emt 0:00:21]} 19. Bxd5 {[%emt 0:09:32]} Bxd5 {[%emt 0:01:55]} 20. cxd5 {[%emt 0:00:03]} g6 {[%emt 0:01:34]} 21. e4 {[%emt 0:01:08]} b5 {[%emt 0:05:00]} 22. Kg2 {[%emt 0:02:12]} Bd4 {[%emt 0:02:56]} 23. f4 {[%emt 0:02:54]} Bc3 {[%emt 0:05:48]} 24. Nf3 {[%emt 0:02:17]} h6 {[%emt 0:01:06]} 25. Bc1 {[%emt 0:04:30]} g5 {[%emt 0:01:10]} 26. Bd2 {[%emt 0:04:12]} Bxd2 {[%emt 0:14:09]} 27. Nxd2 {[%emt 0:00:03]} Nb7 {[%emt 0:00:04]} 28. Kf3 {[%emt 0:01:47]} h5 {[%emt 0:02:26]} 29. fxg5 {[%emt 0:01:23]} fxg5 {[%emt 0:00:05]} 30. g4 {[%emt 0:00:34]} Kg6 {[%emt 0:01:36]} 31. h3 {[%emt 0:00:18]} h4 {[%emt 0:05:25]} 32. b4 {[%emt 0:01:32]} Kf6 {[%emt 0:00:18]} 33. Nb3 {[%emt 0:01:01]} Ke7 {[%emt 0:00:28]} 34. Nc5 {[%emt 0:00:43]} Nxc5 {[%emt 0:00:40]} 35. bxc5 {[%emt 0:00:11]} a5 {[%emt 0:01:03]} 36. Ke3 {[%emt 0:00:19]} 1/2-1/2

[Event "AUT Bundesliga Women 2021-22"]
[Site "Austria"]
[Date "2022.03.25"]
[Round "5.14"]
[White "Berke, Ana"]
[Black "Mayrhuber, Nikola"]
[Result "0-1"]
[WhiteElo "2140"]
[BlackElo "2118"]
[Annotator "NA"]
[PlyCount "82"]
[EventDate "2021.11.06"]
[EventType "team-tourn"]
[EventCountry "AUT"]
[SourceTitle "playchess.com"]
[Source "ChessBase"]
[SourceQuality "1"]
[TimeControl "40/5400+30:1800+30"]

1. e4 {[%emt 0:00:03]} e6 {[%emt 0:00:12]} 2. d4 {[%emt 0:00:12]} d5 {[%emt 0:00:04]} 3. Nd2 {[%emt 0:00:05]} c5 {[%emt 0:00:05]} 4. c3 Nc6 {[%emt 0:05:36]} 5. Ngf3 {[%emt 0:02:48]} cxd4 {[%emt 0:13:26]} 6. cxd4 {[%emt 0:01:21]} dxe4 {[%emt 0:00:40]} 7. Nxe4 {[%emt 0:01:04]} Nf6 {[%emt 0:00:19]} 8. Nc3 {[%emt 0:02:27]} Bb4 {[%emt 0:02:03]} 9. Bd3 {[%emt 0:00:39]} O-O {[%emt 0:00:40]} 10. O-O {[%emt 0:00:12]} h6 {[%emt 0:03:51]} 11. a3 {[%emt 0:04:20]} Ba5 {[%emt 0:02:48]} 12. Bc2 {[%emt 0:01:32]} Re8 {[%emt 0:10:18]} 13. Re1 {[%emt 0:01:47]} Bb6 {[%emt 0:05:02]} 14. Be3 {[%emt 0:01:41]} e5 {[%emt 0:08:40]} 15. dxe5 {[%emt 0:05:15]} Nxe5 {[%emt 0:04:12]} 16. Nxe5 {[%emt 0:09:55]} Rxe5 {[%emt 0:00:47]} 17. Bxb6 {[%emt 0:01:10]} Rxe1+ {[%emt 0:00:12]} 18. Qxe1 {[%emt 0:00:08]} Qxb6 {[%emt 0:00:32]} 19. Nd5 {[%emt 0:10:44]} Qxb2 {[%emt 0:05:43]} 20. Nxf6+ {[%emt 0:01:07]} gxf6 {[%emt 0:00:12]} 21. Be4 {[%emt 0:04:51]} Be6 {[%emt 0:03:23]} 22. Rb1 {[%emt 0:02:42]} Qxa3 {[%emt 0:01:08]} 23. h3 {[%emt 0:01:05]} Rc8 {[%emt 0:06:02]} 24. Qd2 {[%emt 0:08:09]} Kg7 {[%emt 0:04:36]} 25. Qf4 {[%emt 0:07:43]} Rc4 {[%emt 0:05:17]} 26. Rd1 {[%emt 0:11:24]} Qc3 {[%emt 0:04:11]} 27. f3 {[%emt 0:05:47]} Qe5 {[%emt 0:02:27]} 28. Qd2 {[%emt 0:00:07]} b5 {[%emt 0:01:13]} 29. Bb1 {[%emt 0:01:43]} Bf5 {[%emt 0:04:44]} 30. Kh1 {[%emt 0:05:27]} Bxb1 {[%emt 0:01:14]} 31. Rxb1 {[%emt 0:00:04]} Qf5 {[%emt 0:00:27]} 32. Qe1 {[%emt 0:01:32]} Qg5 {[%emt 0:01:07]} 33. Qf1 {[%emt 0:06:23]} a6 {[%emt 0:00:14]} 34. Re1 {[%emt 0:01:17]} a5 {[%emt 0:01:14]} 35. Kh2 {[%emt 0:01:01]} Qf4+ {[%emt 0:00:49]} 36. g3 {[%emt 0:00:42]} Rc2+ {[%emt 0:01:03]} 37. Kh1 {[%emt 0:00:24]} Qxg3 {[%emt 0:01:36]} 38. Re2 {[%emt 0:00:17]} Rxe2 {[%emt 0:01:08]} 39. Qxe2 {[%emt 0:00:06]} Qxh3+ {[%emt 0:00:24]} 40. Kg1 {[%emt 0:00:03]} Qf5 {[%emt 0:00:33]} 41. Kh2 {[%emt 0:30:49]} Qe5+ {[%emt 0:30:10]} 0-1

[Event "AUT Bundesliga Women 2021-22"]
[Site "Austria"]
[Date "2022.03.25"]
[Round "5.15"]
[White "Konecny, Sophie"]
[Black "Hiebler, Laura"]
[Result "1/2-1/2"]
[WhiteElo "1835"]
[BlackElo "2021"]
[Annotator "NA"]
[PlyCount "61"]
[EventDate "2021.11.06"]
[EventType "team-tourn"]
[EventCountry "AUT"]
[SourceTitle "playchess.com"]
[Source "ChessBase"]
[SourceQuality "1"]
[TimeControl "40/5400+30:1800+30"]

1. d4 {[%emt 0:00:03]} Nf6 {[%emt 0:00:06]} 2. Nf3 {[%emt 0:00:07]} e6 {[%emt 0:00:29]} 3. c4 {[%emt 0:00:11]} b6 {[%emt 0:00:40]} 4. g3 {[%emt 0:00:54]} Bb7 {[%emt 0:00:56]} 5. Bg2 {[%emt 0:01:36]} Be7 {[%emt 0:02:17]} 6. Nc3 {[%emt 0:02:57]} O-O {[%emt 0:01:45]} 7. O-O {[%emt 0:01:33]} d5 {[%emt 0:08:16]} 8. b3 {[%emt 0:07:23]} Nbd7 {[%emt 0:03:24]} 9. Bb2 {[%emt 0:15:52]} Rc8 {[%emt 0:06:38]} 10. Rc1 {[%emt 0:03:06]} c5 {[%emt 0:21:35]} 11. cxd5 {[%emt 0:05:06]} Nxd5 {[%emt 0:01:24]} 12. Re1 {[%emt 0:13:13]} N7f6 {[%emt 0:08:00]} 13. e3 {[%emt 0:04:56]} cxd4 {[%emt 0:07:15]} 14. Nxd5 {[%emt 0:04:35]} Nxd5 {[%emt 0:04:04]} 15. Qxd4 {[%emt 0:09:41]} Bf6 {[%emt 0:03:14]} 16. Ne5 {[%emt 0:01:38]} Qe7 {[%emt 0:08:29]} 17. Qa4 {[%emt 0:06:16]} Bxe5 {[%emt 0:04:57]} 18. Bxe5 {[%emt 0:01:41]} Rfd8 {[%emt 0:03:08]} 19. Bb2 {[%emt 0:06:50]} a6 {[%emt 0:05:01]} 20. Red1 {[%emt 0:09:10]} b5 {[%emt 0:02:48]} 21. Qg4 {[%emt 0:02:28]} f6 {[%emt 0:00:18]} 22. Rxc8 {[%emt 0:01:11]} Bxc8 {[%emt 0:00:32]} 23. Qd4 {[%emt 0:00:41]} Rd7 {[%emt 0:01:17]} 24. Bf3 {[%emt 0:00:48]} Qd8 {[%emt 0:01:57]} 25. Qc5 {[%emt 0:00:32]} Bb7 {[%emt 0:01:29]} 26. Qc1 {[%emt 0:00:28]} Rc7 {[%emt 0:01:10]} 27. Qd2 {[%emt 0:00:18]} Qc8 {[%emt 0:00:19]} 28. Rc1 {[%emt 0:00:37]} h6 {[%emt 0:00:11]} 29. Bg2 {[%emt 0:00:25]} b4 {[%emt 0:00:49]} 30. Rxc7 {[%emt 0:00:36]} Qxc7 {[%emt 0:00:02]} 31. a3 {[%emt 0:00:34]} 1/2-1/2

[Event "AUT Bundesliga Women 2021-22"]
[Site "Austria"]
[Date "2022.03.25"]
[Round "5.16"]
[White "Krassnitzer, Maria"]
[Black "Wu, Min"]
[Result "0-1"]
[WhiteElo "1654"]
[BlackElo "1952"]
[Annotator "NA"]
[PlyCount "66"]
[EventDate "2021.11.06"]
[EventType "team-tourn"]
[EventCountry "AUT"]
[SourceTitle "playchess.com"]
[Source "ChessBase"]
[SourceQuality "1"]
[TimeControl "40/5400+30:1800+30"]

1. e4 {[%emt 0:00:02]} e5 {[%emt 0:00:33]} 2. Nf3 {[%emt 0:00:08]} Nc6 {[%emt 0:00:04]} 3. Nc3 {[%emt 0:00:40]} Nf6 {[%emt 0:00:08]} 4. Bc4 {[%emt 0:00:22]} Nxe4 {[%emt 0:12:50]} 5. Nxe4 {[%emt 0:00:48]} d5 {[%emt 0:00:05]} 6. Bxd5 {[%emt 0:00:10]} Qxd5 {[%emt 0:00:07]} 7. Nc3 {[%emt 0:00:54]} Qd8 {[%emt 0:04:37]} 8. O-O {[%emt 0:02:55]} Bg4 {[%emt 0:03:23]} 9. h3 {[%emt 0:07:14]} Bh5 {[%emt 0:03:10]} 10. Re1 {[%emt 0:03:01]} Be7 {[%emt 0:08:12]} 11. d3 {[%emt 0:10:44]} f6 {[%emt 0:13:14]} 12. Be3 {[%emt 0:07:39]} O-O {[%emt 0:02:26]} 13. Ne4 {[%emt 0:06:15]} f5 {[%emt 0:12:30]} 14. Ng3 {[%emt 0:03:29]} Bxf3 {[%emt 0:01:04]} 15. Qxf3 {[%emt 0:07:20]} f4 {[%emt 0:00:17]} 16. Qg4 {[%emt 0:00:40]} fxg3 {[%emt 0:05:55]} 17. fxg3 {[%emt 0:01:25]} Kh8 {[%emt 0:03:50]} 18. Rf1 {[%emt 0:03:05]} Nd4 {[%emt 0:13:52]} 19. Rxf8+ {[%emt 0:01:33]} Bxf8 {[%emt 0:03:24]} 20. Bg5 {[%emt 0:05:08]} Be7 {[%emt 0:01:29]} 21. Bxe7 {[%emt 0:00:37]} Qxe7 {[%emt 0:00:07]} 22. c3 {[%emt 0:00:26]} Nc6 {[%emt 0:03:03]} 23. Re1 {[%emt 0:00:54]} Qc5+ {[%emt 0:02:18]} 24. d4 {[%emt 0:01:48]} exd4 {[%emt 0:02:45]} 25. Kh2 {[%emt 0:00:29]} Rd8 {[%emt 0:00:59]} 26. cxd4 {[%emt 0:04:17]} Qxd4 {[%emt 0:01:21]} 27. Qe6 {[%emt 0:01:34]} g6 {[%emt 0:01:18]} 28. Qf7 {[%emt 0:02:06]} Qd7 {[%emt 0:00:25]} 29. Qf6+ {[%emt 0:03:14]} Kg8 {[%emt 0:00:10]} 30. Qc3 {[%emt 0:04:37]} Qd3 {[%emt 0:00:59]} 31. Re8+ {[%emt 0:01:27]} Kf7 {[%emt 0:00:04]} 32. Rxd8 {[%emt 0:04:04]} Qxc3 {[%emt 0:00:09]} 33. bxc3 {[%emt 0:00:10]} Nxd8 {[%emt 0:00:04]} 0-1

[Event "AUT Bundesliga Women 2021-22"]
[Site "Austria"]
[Date "2022.03.25"]
[Round "5.17"]
[White "Dordzhieva, Dinara"]
[Black "Brunello, Marina"]
[Result "1-0"]
[WhiteElo "2325"]
[BlackElo "2349"]
[Annotator "TA"]
[PlyCount "61"]
[EventDate "2021.11.06"]
[EventType "team-tourn"]
[EventCountry "AUT"]
[SourceTitle "playchess.com"]
[Source "ChessBase"]
[SourceQuality "1"]

{[%evp 9,61,0,15,14,4,0,0,0,0,0,0,-14,-10,-15,0,0,22,22,19,22,283,255,334,324,312,333,305,288,285,254,275,222,236,244,231,222,301,275,661,648,594,571,1917,2044,1802,1646,2547,2539,2207,2004,2029,1962,2165,1929]} 1. d4 d5 {[%cal Bd7d5,Bd5c4][%mdl 32]} 2. c4 c6 3. Nf3 Nf6 4. g3 dxc4 5. Bg2 b5 6. Ne5 {D11: Slav Defence: 3 Nf3 sidelines and 3...Nf6 4 e3 Bg4.} Bb7 7. a4 {Strongly threatening axb5.} a6 8. b3 {The position is equal.} cxb3 $1 9. Qxb3 {[%csl Ge5][%cal Rb3f7]} e6 10. O-O Qxd4 11. Bb2 Qb6 12. Nd2 {[%cal Oe5f7,Bb1d2,Bd2c4,Bc4e5][%mdl 32] [#]} Be7 $146 {[#]} ({Predecessor:} 12... Nbd7 13. Ne4 Nxe5 14. Bxe5 Nd7 15. a5 Qa7 16. Nd6+ Bxd6 17. Bxd6 c5 18. e4 c4 {0-1 (40) Halldorsson,B (2180)-Bartholomew,J (2435) Reykjavik 2013}) 13. Nxf7 $1 Kxf7 14. Nc4 $1 Qd8 {[%mdl 8192] Loses the game.} (14... Qc7 $1 $11 {and Black has nothing to worry.} 15. Ne5+ Ke8) 15. Ne5+ $18 Kf8 16. Qxe6 {[%csl Ge5][%cal Re6f7]} Qe8 {Prevents Qf7+.} 17. axb5 $1 axb5 18. Rxa8 Bxa8 19. Ra1 {[%cal Bf1a1,Ba1a7,Ba7c7][%mdl 32]} Bb7 20. Ra7 Bc8 {[#]} 21. Qa2 c5 {[#]} 22. Rc7 {[%cal Oc7c8] Threatens to win with Rxc8!} c4 23. Ba3 b4 $2 {[#]} (23... Bd7) 24. Bxb4 $1 {[%mdl 512] White is clearly winning.} Bxb4 {[#]} 25. Qxc4 $1 Be6 (25... Bd7 26. Qxb4+) 26. Qxb4+ Kg8 27. Qd6 {White wants to mate with Re7.} Bf5 28. Re7 Qxe7 29. Qxe7 {[%csl Ge5][%cal Re7f7]} h6 30. g4 Bd7 31. Ng6 {Weighted Error Value: White=0.02 (flawless) /Black=0.61} 1-0

[Event "AUT Bundesliga Women 2021-22"]
[Site "Austria"]
[Date "2022.03.25"]
[Round "5.18"]
[White "Klek, Hanna Marie"]
[Black "Heinemann, Josefine"]
[Result "1-0"]
[WhiteElo "2314"]
[BlackElo "2290"]
[Annotator "NA"]
[PlyCount "55"]
[EventDate "2021.11.06"]
[EventType "team-tourn"]
[EventCountry "AUT"]
[SourceTitle "playchess.com"]
[Source "ChessBase"]
[SourceQuality "1"]
[TimeControl "40/5400+30:1800+30"]

1. e4 {[%emt 0:00:02]} c5 {[%emt 0:00:06]} 2. Nf3 {[%emt 0:00:05]} d6 {[%emt 0:00:19]} 3. d4 {[%emt 0:00:06]} cxd4 {[%emt 0:00:05]} 4. Nxd4 {[%emt 0:00:04]} Nf6 {[%emt 0:00:05]} 5. Nc3 {[%emt 0:00:04]} a6 {[%emt 0:00:06]} 6. Qd3 {[%emt 0:00:05]} e5 {[%emt 0:02:41]} 7. Nf5 {[%emt 0:00:10]} Bxf5 {[%emt 0:03:57]} 8. exf5 {[%emt 0:00:08]} d5 {[%emt 0:00:07]} 9. Bg5 {[%emt 0:00:44]} d4 {[%emt 0:00:55]} 10. Ne4 {[%emt 0:04:49]} Nbd7 {[%emt 0:06:00]} 11. O-O-O {[%emt 0:20:12]} Nc5 {[%emt 0:07:30]} 12. Nxc5 {[%emt 0:00:39]} Bxc5 {[%emt 0:00:06]} 13. Re1 {[%emt 0:08:35]} Qc7 {[%emt 0:14:00]} 14. f4 {[%emt 0:10:40]} e4 {[%emt 0:10:04]} 15. Bxf6 {[%emt 0:04:02]} gxf6 {[%emt 0:00:15]} 16. Qxe4+ {[%emt 0:01:35]} Kf8 {[%emt 0:01:47]} 17. Qf3 {[%emt 0:06:58]} Re8 {[%emt 0:06:12]} 18. Rxe8+ {[%emt 0:00:38]} Kxe8 {[%emt 0:00:06]} 19. Bxa6 {[%emt 0:01:17]} bxa6 {[%emt 0:10:49]} 20. Qa8+ {[%emt 0:00:22]} Kd7 {[%emt 0:01:08]} 21. Qxh8 {[%emt 0:00:21]} d3 {[%emt 0:00:20]} 22. cxd3 {[%emt 0:07:18]} Bd4+ {[%emt 0:01:29]} 23. Kd1 {[%emt 0:01:19]} Bxb2 {[%emt 0:08:22]} 24. Re1 {[%emt 0:05:39]} Qc1+ {[%emt 0:01:01]} 25. Ke2 {[%emt 0:00:06]} Qxf4 {[%emt 0:03:06]} 26. Qa8 {[%emt 0:01:18]} Bc3 {[%emt 0:06:46]} 27. Qd5+ {[%emt 0:01:16]} Ke8 {[%emt 0:04:31]} 28. Qc6+ {[%emt 0:00:16]} 1-0

[Event "AUT Bundesliga Women 2021-22"]
[Site "Austria"]
[Date "2022.03.25"]
[Round "5.20"]
[White "Wunderl, Eva"]
[Black "Trippold, Denise"]
[Result "1/2-1/2"]
[WhiteElo "1898"]
[BlackElo "2068"]
[Annotator "NA"]
[PlyCount "60"]
[EventDate "2021.11.06"]
[EventType "team-tourn"]
[EventCountry "AUT"]
[SourceTitle "playchess.com"]
[Source "ChessBase"]
[SourceQuality "1"]
[TimeControl "40/5400+30:1800+30"]

1. e4 {[%emt 0:00:05]} e6 {[%emt 0:00:03]} 2. d4 {[%emt 0:00:20]} d5 {[%emt 0:00:04]} 3. Nd2 {[%emt 0:00:07]} c5 {[%emt 0:00:08]} 4. Ngf3 {[%emt 0:00:31]} cxd4 {[%emt 0:00:14]} 5. exd5 {[%emt 0:00:20]} Qxd5 {[%emt 0:00:22]} 6. Bc4 {[%emt 0:00:16]} Qd7 {[%emt 0:00:17]} 7. O-O {[%emt 0:05:29]} Nc6 {[%emt 0:00:26]} 8. Nb3 {[%emt 0:01:47]} Nf6 {[%emt 0:00:45]} 9. Nbxd4 {[%emt 0:01:06]} Nxd4 {[%emt 0:00:26]} 10. Nxd4 {[%emt 0:02:05]} a6 {[%emt 0:00:32]} 11. Re1 {[%emt 0:06:06]} Bc5 {[%emt 0:12:25]} 12. Be3 {[%emt 0:07:13]} O-O {[%emt 0:10:27]} 13. c3 {[%emt 0:07:10]} Qc7 {[%emt 0:06:47]} 14. Qe2 {[%emt 0:08:53]} e5 {[%emt 0:17:43]} 15. Nc2 {[%emt 0:05:47]} Bg4 {[%emt 0:00:53]} 16. Qf1 {[%emt 0:03:58]} Rad8 {[%emt 0:04:33]} 17. h3 {[%emt 0:12:10]} Bh5 {[%emt 0:04:18]} 18. Be2 {[%emt 0:10:10]} Bg6 {[%emt 0:00:41]} 19. Bxc5 {[%emt 0:00:59]} Qxc5 {[%emt 0:00:08]} 20. Ne3 {[%emt 0:01:25]} Ne4 {[%emt 0:19:08]} 21. Red1 {[%emt 0:03:29]} h6 {[%emt 0:06:04]} 22. Rxd8 {[%emt 0:03:55]} Rxd8 {[%emt 0:00:02]} 23. Rd1 {[%emt 0:00:38]} Rd6 {[%emt 0:01:43]} 24. Rxd6 {[%emt 0:02:33]} Qxd6 {[%emt 0:03:36]} 25. Qd1 {[%emt 0:01:19]} Qb6 {[%emt 0:02:16]} 26. Qb3 {[%emt 0:02:54]} Qxb3 {[%emt 0:01:11]} 27. axb3 {[%emt 0:00:05]} Nc5 {[%emt 0:00:56]} 28. Nc4 {[%emt 0:03:17]} Bd3 {[%emt 0:04:36]} 29. Bd1 {[%emt 0:01:54]} f6 {[%emt 0:01:44]} 30. f3 {[%emt 0:01:52]} Kf8 {[%emt 0:00:31]} 1/2-1/2

[Event "AUT Bundesliga Women 2021-22"]
[Site "Austria"]
[Date "2022.03.26"]
[Round "6.1"]
[White "Richterova, Natasa"]
[Black "Brunello, Marina"]
[Result "1-0"]
[WhiteElo "2162"]
[BlackElo "2349"]
[Annotator "ChessBase"]
[PlyCount "119"]
[EventDate "2021.11.06"]
[EventType "team-tourn"]
[EventCountry "AUT"]
[SourceTitle "playchess.com"]
[Source "ChessBase"]
[SourceQuality "1"]
[TimeControl "40/5400+30:1800+30"]

1. d4 {[%emt 0:00:03]} d5 {[%emt 0:00:08]} 2. c4 {[%emt 0:00:05]} c6 {[%emt 0:00:02]} 3. Nf3 {[%emt 0:00:06]} Nf6 {[%emt 0:00:05]} 4. Nc3 {[%emt 0:00:05]} e6 {[%emt 0:00:07]} 5. e3 {[%emt 0:00:04]} Nbd7 {[%emt 0:00:42]} 6. Qc2 {[%emt 0:00:12]} Bd6 {[%emt 0:00:15]} 7. Bd3 {[%emt 0:00:16]} O-O {[%emt 0:01:42]} 8. O-O {[%emt 0:00:07]} dxc4 {[%emt 0:04:38]} 9. Bxc4 {[%emt 0:00:08]} b5 {[%emt 0:00:03]} 10. Bd3 {[%emt 0:04:04]} a6 {[%emt 0:00:33]} 11. Ne4 {[%emt 0:04:27]} Nxe4 {[%emt 0:04:18]} 12. Bxe4 {[%emt 0:00:03]} Nf6 {[%emt 0:00:04]} 13. Bd3 {[%emt 0:15:12]} c5 {[%emt 0:13:10]} 14. dxc5 {[%emt 0:01:39]} Bxc5 {[%emt 0:00:06]} 15. Bxh7+ {[%emt 0:09:41]} Nxh7 {[%emt 0:00:05]} 16. Qxc5 {[%emt 0:00:10]} Bb7 {[%emt 0:00:03]} 17. Nd4 {[%emt 0:05:08]} Rc8 {[%emt 0:03:35]} 18. Qe5 {[%emt 0:00:50]} Qb6 {[%emt 0:05:57]} 19. f3 {[%emt 0:05:50]} Rfd8 {[%emt 0:06:12]} 20. Qg3 {[%emt 0:04:22]} Rd5 {[%emt 0:13:17]} 21. Qf2 {[%emt 0:01:05]} Nf6 {[%emt 0:04:58]} 22. Bd2 {[%emt 0:27:47]} Rd7 {[%emt 0:07:13]} 23. Rac1 {[%emt 0:00:39]} Rcd8 {[%emt 0:00:14]} 24. Nb3 {[%emt 0:00:22]} b4 {[%emt 0:02:31]} 25. e4 {[%emt 0:01:36]} Qxf2+ {[%emt 0:04:54]} 26. Rxf2 {[%emt 0:00:17]} a5 {[%emt 0:00:10]} 27. Bg5 {[%emt 0:03:38]} Ba6 28. Rd2 {[%emt 0:04:16]} Rxd2 {[%emt 0:02:59]} 29. Nxd2 {[%emt 0:02:20]} a4 {[%emt 0:00:44]} 30. Rc6 {[%emt 0:02:50]} Bd3 {[%emt 0:01:07]} 31. Rb6 {[%emt 0:00:37]} Rc8 {[%emt 0:00:09]} 32. Rxb4 {[%emt 0:01:19]} Rc2 {[%emt 0:00:07]} 33. Rd4 {[%emt 0:05:04]} Bb5 {[%emt 0:00:16]} 34. Rb4 {[%emt 0:00:01]} Bd3 {[%emt 0:00:06]} 35. Rxa4 {[%emt 0:02:28]} Rxb2 {[%emt 0:00:07]} 36. Ra8+ {[%emt 0:00:24]} Kh7 {[%emt 0:00:04]} 37. Ra7 {[%emt 0:00:19]} Kg6 {[%emt 0:00:33]} 38. Be3 {[%emt 0:00:33]} Rc2 {[%emt 0:01:32]} 39. a4 {[%emt 0:00:15]} Ra2 {[%emt 0:00:04]} 40. a5 {[%emt 0:00:05]} Bb5 {[%emt 0:00:18]} 41. g4 {[%emt 0:05:21]} Nd7 {[%emt 0:01:59]} 42. f4 {[%emt 0:22:00]} Nf6 {[%emt 0:00:58]} 43. h3 {[%emt 0:03:07]} Bd3 {[%emt 0:01:44]} 44. f5+ {[%emt 0:01:04]} Kh7 {[%emt 0:01:09]} 45. Rxf7 {[%emt 0:00:27]} Rxa5 {[%emt 0:00:47]} 46. fxe6 {[%emt 0:01:57]} Re5 {[%emt 0:01:08]} 47. Bd4 {[%emt 0:00:06]} Rxe6 {[%emt 0:00:19]} 48. Bxf6 {[%emt 0:00:09]} Rxf6 {[%emt 0:00:45]} 49. Rxf6 {[%emt 0:00:01]} gxf6 {[%emt 0:00:05]} 50. Kf2 {[%emt 0:00:09]} Kg6 {[%emt 0:00:12]} 51. Ke3 {[%emt 0:00:07]} Bc2 {[%emt 0:00:09]} 52. Kf4 {[%emt 0:00:04]} Bd3 {[%emt 0:00:09]} 53. h4 {[%emt 0:00:32]} Be2 {[%emt 0:00:05]} 54. Nf3 {[%emt 0:00:25]} Ba6 {[%emt 0:00:17]} 55. Nd4 {[%emt 0:01:31]} Bc8 {[%emt 0:01:17]} 56. Nf5 {[%emt 0:00:41]} Bd7 {[%emt 0:00:04]} 57. h5+ {[%emt 0:00:47]} Kf7 {[%emt 0:00:04]} 58. g5 {[%emt 0:00:09]} fxg5+ {[%emt 0:00:05]} 59. Kxg5 {[%emt 0:00:05]} Kg8 {[%emt 0:00:12]} 60. Kf6 {[%emt 0:00:23]} 1-0

[Event "AUT Bundesliga Women 2021-22"]
[Site "Austria"]
[Date "2022.03.26"]
[Round "6.2"]
[White "Klek, Hanna Marie"]
[Black "Batyte, Daiva"]
[Result "1-0"]
[WhiteElo "2314"]
[BlackElo "2105"]
[Annotator "ChessBase"]
[PlyCount "69"]
[EventDate "2021.11.06"]
[EventType "team-tourn"]
[EventCountry "AUT"]
[SourceTitle "playchess.com"]
[Source "ChessBase"]
[SourceQuality "1"]
[TimeControl "40/5400+30:1800+30"]

1. d4 {[%emt 0:00:03]} Nf6 {[%emt 0:00:05]} 2. c4 {[%emt 0:00:04]} g6 {[%emt 0:00:20]} 3. Nc3 {[%emt 0:00:07]} Bg7 {[%emt 0:00:06]} 4. e4 {[%emt 0:00:04]} d6 {[%emt 0:00:06]} 5. h3 {[%emt 0:00:09]} Nbd7 {[%emt 0:00:53]} 6. Be3 {[%emt 0:00:18]} c5 {[%emt 0:02:45]} 7. Nf3 {[%emt 0:01:14]} cxd4 {[%emt 0:06:02]} 8. Nxd4 {[%emt 0:00:07]} Nc5 {[%emt 0:02:47]} 9. f3 {[%emt 0:02:53]} Ne6 {[%emt 0:01:32]} 10. Be2 {[%emt 0:08:45]} Nh5 {[%emt 0:06:46]} 11. O-O {[%emt 0:01:27]} Ng3 {[%emt 0:03:33]} 12. Rf2 {[%emt 0:00:30]} O-O {[%emt 0:02:24]} 13. f4 {[%emt 0:06:32]} Nxd4 {[%emt 0:03:20]} 14. Bxd4 {[%emt 0:00:08]} f6 {[%emt 0:15:22]} 15. Bf3 {[%emt 0:05:08]} h5 {[%emt 0:04:58]} 16. Rd2 {[%emt 0:06:12]} Qa5 {[%emt 0:11:14]} 17. Bf2 {[%emt 0:04:32]} h4 {[%emt 0:00:50]} 18. Nd5 {[%emt 0:02:28]} e5 {[%emt 0:06:26]} 19. b4 {[%emt 0:02:59]} Qd8 {[%emt 0:01:53]} 20. c5 {[%emt 0:00:45]} Be6 {[%emt 0:00:59]} 21. cxd6 {[%emt 0:02:56]} Bxd5 {[%emt 0:02:40]} 22. Rxd5 {[%emt 0:00:14]} exf4 {[%emt 0:01:50]} 23. Rc1 {[%emt 0:01:20]} Re8 {[%emt 0:03:41]} 24. d7 {[%emt 0:00:53]} Rf8 {[%emt 0:01:39]} 25. Rdc5 {[%emt 0:00:55]} f5 {[%emt 0:04:39]} 26. exf5 {[%emt 0:01:01]} Nxf5 {[%emt 0:04:29]} 27. Rc8 {[%emt 0:00:31]} Rxc8 {[%emt 0:01:01]} 28. dxc8=Q {[%emt 0:00:08]} Qxc8 {[%emt 0:00:51]} 29. Rxc8 {[%emt 0:00:09]} Rxc8 {[%emt 0:00:05]} 30. Bxb7 {[%emt 0:00:17]} Rc3 {[%emt 0:00:51]} 31. Bxa7 {[%emt 0:00:24]} Ne3 {[%emt 0:01:25]} 32. Qd8+ {[%emt 0:00:17]} Kh7 {[%emt 0:00:13]} 33. Qxh4+ {[%emt 0:00:10]} Bh6 {[%emt 0:00:49]} 34. Qe7+ {[%emt 0:00:29]} Bg7 {[%emt 0:00:07]} 35. Qxg7+ {[%emt 0:00:07]} 1-0